Discovering Isaac: The Beloved Potter of Niederbipp / (Record no. 149253)
[ view plain ]
| 000 -LEADER | |
|---|---|
| fixed length control field | 00661nam a2200193 a 4500 |
| 008 - FIXED-LENGTH DATA ELEMENTS--GENERAL INFORMATION | |
| fixed length control field | 100515n 000 0 eng d |
| 020 ## - INTERNATIONAL STANDARD BOOK NUMBER | |
| International Standard Book Number | 0615333133 |
| 005 - DATE AND TIME OF LATEST TRANSACTION | |
| control field | 20241220150451.0 |
| 001 - CONTROL NUMBER | |
| control field | 117785 |
| 003 - CONTROL NUMBER IDENTIFIER | |
| control field | DCL |
| 100 ## - MAIN ENTRY--PERSONAL NAME | |
| Personal name | Behunin, Ben. |
| 9 (RLIN) | 5753861 |
| 245 10 - TITLE STATEMENT | |
| Title | Discovering Isaac: The Beloved Potter of Niederbipp / |
| Statement of responsibility, etc | Ben Behunin. |
| 260 ## - PUBLICATION, DISTRIBUTION, ETC. (IMPRINT) | |
| Place of publication, distribution, etc | Salt Lake City, Utah : |
| Name of publisher, distributor, etc | Abendmahl Press, |
| Date of publication, distribution, etc | 2009. |
| 300 ## - PHYSICAL DESCRIPTION | |
| Extent | 429 p. |
| 490 1# - SERIES STATEMENT | |
| Volume number/sequential designation | # 2 |
| 521 2# - TARGET AUDIENCE NOTE | |
| Target audience note | Adult. |
| 520 ## - SUMMARY, ETC. | |
| Summary, etc | Disclaimer: You may think you know the people in this book, but unless you've been to Niederbipp, any similarities to the people you know are merely coincidental. |
| 942 ## - ADDED ENTRY ELEMENTS (KOHA) | |
| Koha item type | UNKNOWN |
| Withdrawn status | Lost status | Source of classification or shelving scheme | Damaged status | Not for loan | Collection code | Home library | Current library | Shelving location | Date acquired | Source of acquisition | Total Checkouts | Total Renewals | Full call number | Barcode | Date last seen | Date checked out | Uniform Resource Identifier | Price effective from | Koha item type |
|---|---|---|---|---|---|---|---|---|---|---|---|---|---|---|---|---|---|---|---|
| Dewey Decimal Classification | Fiction | Wasatch County Library | Wasatch County Library | First Floor | 05/06/2020 | Donation | 5 | 2 | F Behunin | 34301001678095 | 05/12/2025 | 05/01/2025 | 19.99 | 05/06/2020 | BOOK |
